Poole's textbook on contract law/ (Record no. 4328)

000 -LEADER
fixed length control field 01473cas a2200409 i 4500
001 - CONTROL NUMBER
control field 21422670
003 - CONTROL NUMBER IDENTIFIER
control field OSt
005 - DATE AND TIME OF LATEST TRANSACTION
control field 20221116134421.0
008 - FIXED-LENGTH DATA ELEMENTS--GENERAL INFORMATION
fixed length control field 200207c20199999enkgr 0 0eng
010 ## - LIBRARY OF CONGRESS CONTROL NUMBER
LC control number 2021217529
Canceled/invalid LC control number 2019931964
-- 2021934963
035 ## - SYSTEM CONTROL NUMBER
System control number (OCoLC)on1286084645
040 ## - CATALOGING SOURCE
Original cataloging agency DLC
Language of cataloging eng
Description conventions rda
Transcribing agency DLC
Modifying agency DLC
-- OCLCF
042 ## - AUTHENTICATION CODE
Authentication code pcc
043 ## - GEOGRAPHIC AREA CODE
Geographic area code e-uk-en
-- e-uk-wl
050 00 - LIBRARY OF CONGRESS CALL NUMBER
Classification number KD1554.A13T49 2021
245 00 - TITLE STATEMENT
Title Poole's textbook on contract law/
246 1# - VARYING FORM OF TITLE
Title proper/short title Contract law
260 ## - PUBLICATION, DISTRIBUTION, ETC. (IMPRINT)
Date of publication, distribution, etc 2021
300 ## - PHYSICAL DESCRIPTION
Extent volumes ;
Dimensions 25 cm
310 ## - CURRENT PUBLICATION FREQUENCY
Current publication frequency Biennial
500 ## - GENERAL NOTE
General note Authors: Robert Merkin, 2019- ; Severine Saintier, 2019-
580 ## - LINKING ENTRY COMPLEXITY NOTE
Linking entry complexity note May be used as a stand-alone text or in conjunction with the related publication: Poole's casebook on contract law.
650 #0 - SUBJECT ADDED ENTRY--TOPICAL TERM
Topical term or geographic name as entry element Contracts
Geographic subdivision England
Form subdivision Textbooks.
650 #0 - SUBJECT ADDED ENTRY--TOPICAL TERM
Topical term or geographic name as entry element Contracts
Geographic subdivision Wales
Form subdivision Textbooks.
650 #7 - SUBJECT ADDED ENTRY--TOPICAL TERM
Topical term or geographic name as entry element Contracts.
Source of heading or term fast
651 #7 - SUBJECT ADDED ENTRY--GEOGRAPHIC NAME
Geographic name England.
Source of heading or term fast
651 #7 - SUBJECT ADDED ENTRY--GEOGRAPHIC NAME
Geographic name Wales.
Source of heading or term fast
655 #7 - INDEX TERM--GENRE/FORM
Genre/form data or focus term Textbooks.
Source of term fast
700 1# - ADDED ENTRY--PERSONAL NAME
Personal name Merkin, Robert M.,
Relator term author.
700 1# - ADDED ENTRY--PERSONAL NAME
Personal name Saintier, Séverine,
Relator term author.
780 00 - PRECEDING ENTRY
Title Textbook on contract law
Record control number (DLC) 2011208215
-- (OCoLC)697506423
787 0# - NONSPECIFIC RELATIONSHIP ENTRY
Title Poole's casebook on contract law
Record control number (DLC) 2021217511
-- (OCoLC)1264179720
906 ## - LOCAL DATA ELEMENT F, LDF (RLIN)
a 7
b cbc
c serorig
d 2
e ncip
f 20
g n-oclcserc
942 ## - ADDED ENTRY ELEMENTS (KOHA)
Source of classification or shelving scheme
Koha item type Book
Holdings
Withdrawn status Lost status Source of classification or shelving scheme Damaged status Not for loan Home library Current library Shelving location Date acquired Total Checkouts Total Renewals Full call number Barcode Date last seen Date checked out Copy number Price effective from Koha item type Checked out
          Riara University Library Riara University Library General stack 16/11/2022 10 3 KD1554.A13T49 2021 6079/15 11/12/2025 25/11/2025 C.1 16/11/2022 Book  
          Riara University Library Riara University Library General stack 16/11/2022 18 8 KD1554.A13T49 2021 6080/15 16/03/2026 16/03/2026 C.2 16/11/2022 Book 17/04/2026
          Riara University Library Riara University Library General stack 16/11/2022 7 1 KD1554.A13T49 2021 6081/15 16/12/2025 02/10/2025 C.3 16/11/2022 Book  

Riara University Library,
P.O. Box 49940-00100,
Nairobi, Kenya.